[Event "3rd Panama Open"]
[Site "Panama City PAN"]
[Date "2013.10.31"]
[Round "2.11"]
[White "Pina Vega,S"]
[Black "Gomez Garrido,C"]
[Result "0-1"]
[WhiteElo "2298"]
[BlackElo "2504"]

1.e4 c5 2.Nf3 d6 3.Bb5+ Nd7 4.c3 Nf6 5.Qe2 a6 6.Ba4 g6 7.O-O Bg7 8.d4 b5
9.Bc2 cxd4 10.cxd4 Nb6 11.Nc3 O-O 12.h3 Bb7 13.Bg5 h6 14.Bh4 b4 15.Nd1 Rc8
16.Bg3 Nh5 17.Bh2 e5 18.dxe5 dxe5 19.Nxe5 Qc7 20.Nxg6 Qxc2 21.Ne7+ Kh8 22.Qxh5 Qxe4  0-1

[Event "80th ch-BRA S/F 1 2013"]
[Site "Rio de Janeiro BRA"]
[Date "2013.10.31"]
[Round "1.1"]
[White "Rangel,D"]
[Black "Leitao,R"]
[Result "0-1"]
[WhiteElo "2151"]
[BlackElo "2632"]

1.e4 c5 2.Nf3 d6 3.Bb5+ Nd7 4.c3 Nf6 5.d3 a6 6.Ba4 b5 7.Bc2 Bb7 8.O-O g6
9.Re1 Bg7 10.Nbd2 O-O 11.a4 e5 12.d4 exd4 13.cxd4 Re8 14.h3 cxd4 15.axb5 axb5
16.Rxa8 Bxa8 17.Nxd4 Qb6 18.N4b3 Ne5 19.Qe2 d5 20.Qe3 Qxe3 21.Rxe3 dxe4 22.Bxe4 Nxe4
23.Nxe4 Rd8 24.Nec5 Nc4 25.Re2 Bc6 26.Kh2 Be5+ 27.f4 Bb8 28.Na6 Ba7 29.Nb4 Ba8
30.Na6 h5 31.Nb4 h4 32.Nd2 Be3 33.Nb3 Bb6 34.Nc2 Rd1 35.Re1 Rd3 36.Re8+ Kg7
37.Rxa8 Bf2 38.g3 hxg3+ 39.Kg2 Rxb3 40.Ra2 Rd3 41.Na3 Rd1  0-1

[Event "13th Sautron Open 2013"]
[Site "Sautron FRA"]
[Date "2013.10.31"]
[Round "7.8"]
[White "Lagarde,Max"]
[Black "Haussernot,C"]
[Result "1-0"]
[WhiteElo "2523"]
[BlackElo "2097"]

1.Nf3 c5 2.e4 d6 3.Bb5+ Bd7 4.Bxd7+ Nxd7 5.c4 Ngf6 6.Nc3 g6 7.O-O Bg7 8.d4 cxd4
9.Nxd4 O-O 10.b3 a6 11.Bb2 Qa5 12.Re1 Rac8 13.Qd2 Ne5 14.Rad1 Qc5 15.h3 Rfe8
16.Kh1 Nc6 17.Nxc6 bxc6 18.e5 dxe5 19.Na4 Qa7 20.Bxe5 c5 21.Qa5 Nd7 22.Bxg7 Kxg7
23.Rd5 Rc6 24.Red1 Nf6 25.Re5 Nd7 26.Red5 Nf6 27.Re5 Nd7 28.Re3 Nf6 29.Kg1 h6
30.Re5 Rec8 31.Qc3 Qc7 32.Rde1 e6 33.R5e3 Re8 34.Re5 Rd8 35.Qf3 Rd4 36.R5e3 Qd6
37.Nb2 Rc8 38.Nd3 Rd8 39.Ne5 Rd1 40.Qb7 Nd7 41.Nf3 Nf6 42.Rxd1 Qxd1+ 43.Re1 Qd6
44.Ne5 Nd7 45.Ng4 h5 46.Ne3 Ne5 47.Rd1 Nd3 48.Qe4 f5 49.Qh4 f4 50.Nc2 e5
51.Ne1 e4 52.Qg5 Rd7 53.f3 Qd4+ 54.Kh2 Qe3 55.fxe4 Qxe4 56.Rxd3 Rxd3 57.Nxd3 Qxd3
58.Qxf4 Qe2 59.Qc7+ Kh6 60.Qxc5 Qxa2 61.Qe3+ Kg7 62.c5 Qc2 63.Qd4+ Kh7 64.Qd7+ Kh6
65.c6 Qc5 66.Qe6 Qd4 67.Qc4 Qe5+ 68.g3 Qb2+ 69.Kg1 Qb1+ 70.Kf2 Qb2+ 71.Ke3 Qe5+
72.Kf3 g5 73.c7 Qf5+ 74.Ke2 Qe5+ 75.Kd2 Qb2+ 76.Kd3 Qb1+ 77.Kd4 Qg1+ 78.Kd5 Qg2+
79.Kc5 Qf2+ 80.Kc6 Qg2+ 81.Kb6 Qf2+ 82.Kb7  1-0

[Event "17th OIBM 2013"]
[Site "Bad Wiessee GER"]
[Date "2013.11.01"]
[Round "8.48"]
[White "Foerster,S"]
[Black "Esipenko,Andrey"]
[Result "0-1"]
[WhiteElo "2119"]
[BlackElo "2248"]

1.e4 c5 2.Nf3 d6 3.Bb5+ Nd7 4.O-O e6 5.Re1 a6 6.Bf1 Ne5 7.c3 Nf6 8.d4 Nxf3+
9.Qxf3 cxd4 10.cxd4 Be7 11.Nc3 O-O 12.e5 Ne8 13.Bd3 d5 14.Qh3 g6 15.Bh6 Ng7
16.Qg4 f5 17.Qe2 Bd7 18.Rac1 Qb6 19.Red1 Rac8 20.a3 Rc7 21.Bb1 Bc6 22.Qd2 Rfc8
23.g3 Kf7 24.h4 Bd7 25.Kg2 Be8 26.Ba2 Kg8 27.Kh2 Bf7 28.Ne2 Ne8 29.Rxc7 Nxc7
30.Rc1 Re8 31.Qc2 Nb5 32.Qb3 Bd8 33.Be3 Na7 34.Bd2 Nc6 35.Qxb6 Bxb6 36.Bc3 Rc8
37.Rd1 Na7 38.a4 Be8 39.Bb3 Nc6 40.Kg2 Bd7 41.Kf3 Nb8 42.Bc2 Bd8 43.Ra1 Be7
44.Ke3 Bc6 45.Bd3 Bd7 46.b3 Kf7 47.Rc1 Nc6 48.Bd2 Ke8 49.f4 Kd8 50.Rc2 Rc7
51.Kf2 Kc8 52.Ke1 Kb8 53.Kd1 Rc8 54.Kc1 Rg8 55.Kb2 h6 56.Rc1 Bd8 57.Rh1 Ka7
58.Bc2 Kb6 59.b4 Nb8 60.Kb3 Ka7 61.Bd3 Nc6 62.Rh2 Be8 63.Rh1 Ne7 64.b5 axb5
65.axb5 Nc8 66.Bb4 Kb8 67.Bc5 Bc7 68.Rh2 Nb6 69.Rh1 Bd7 70.Rh2 Be8 71.Rh1 Bf7
72.Rh2 Bd8 73.Rh1 Kc8 74.Ra1 Kb8 75.Rh1 Na8 76.Ra1 b6 77.Bd6+ Kb7 78.Rh1 Nc7
79.Rh2 Ne8 80.Bb4 Ng7 81.Bd2 Nh5 82.Be3 Be7 83.Bd2 Kc8 84.Rh1 Be8 85.Rc1+ Kb7
86.Rh1 Bf7 87.Rh2 Ra8 88.Bc3 Be8 89.Rh1 g5 90.hxg5 hxg5 91.Ra1 Rc8 92.Rg1 gxf4
93.gxf4 Bf7 94.Be1 Rh8 95.Kc2 Rh7 96.Rg2 Ng7 97.Bg3 Ne8 98.Rh2 Rg7 99.Bf2 Nc7
100.Bh4 Rh7 101.Bg3 Rxh2 102.Bxh2 Be8 103.Ng3 Bh4 104.Nxf5 exf5 105.Bxf5 Nxb5
106.Bg1 Bg3 107.Be3 Bxf4 108.Kd3 Bxe3 109.Kxe3 Nc7 110.Kf4 Kc6 111.Kg5 Nb5  0-1

[Event "2nd Danube Rapid Cup 2013"]
[Site "Kozloduy BUL"]
[Date "2013.11.01"]
[Round "3.1"]
[White "Nevednichy,V"]
[Black "Petkov,V"]
[Result "1/2-1/2"]
[WhiteElo "2590"]
[BlackElo "2570"]

1.e4 c5 2.Nf3 d6 3.Bb5+ Nd7 4.O-O a6 5.Bxd7+ Bxd7 6.d4 cxd4 7.Qxd4 e5 8.Qd3 h6
9.c4 Nf6 10.Nc3 Be7 11.b3 Qa5 12.a4 O-O 13.Ra2 Be6 14.Bd2 Qc7 15.a5 b5 16.axb6 Qxb6
17.Rb1 Qb7 18.Be1 Nd7 19.Nd2 Nc5 20.Qe2 a5 21.Na4 Nxa4 22.Rxa4 Bd7 23.Ra2 Rfb8
24.Qd3 Qc6 25.Rba1 Bd8 26.Nf1 Bb6 27.Ne3 Bd4 28.Nd5 Qb7 29.Rb1 a4 30.b4 Be6
31.b5 Bxd5 32.exd5 Rc8 33.Bb4 Qb6 34.Kf1 e4 35.Qe2 Re8 36.g3 e3 37.f3 Bc5
38.Kg2 a3 39.Bxc5 Qxc5 40.Rb3 Ra4 41.b6 Rb4 42.Rbxa3 Rxb6 43.Ra8 Rbb8 44.Rxb8 Rxb8
45.Qd3 g6 46.Re2 Rb4 47.Qxe3 Rxc4 48.Qxh6 Rc2 49.Rxc2 Qxc2+ 50.Kh3 Qf5+ 51.Kg2 Qc2+
52.Kh3 Qf5+ 53.Kg2 Qc2+  1/2-1/2

[Event "FSIM November 2013"]
[Site "Budapest HUN"]
[Date "2013.11.02"]
[Round "1.5"]
[White "Lyell,M"]
[Black "Kozlitin,O"]
[Result "1/2-1/2"]
[WhiteElo "2274"]
[BlackElo "2314"]

1.e4 c5 2.Nf3 d6 3.Bb5+ Nd7 4.d4 Nf6 5.O-O a6 6.Bxd7+ Nxd7 7.Re1 e6 8.b3 Be7
9.Bb2 O-O 10.a4 b6 11.c4 Bb7 12.Nc3 Qc7 13.d5 e5 14.Qd3 Nf6 15.a5 bxa5 16.Ne2 Nh5
17.g4 Nf6 18.h3 h5 19.g5 Nh7 20.Kh2 Bc8 21.Rg1 Qd7 22.Rg3 g6 23.Rag1 a4 24.Qc3 Re8
25.Nh4 Rb8 26.Nc1 Qb7 27.f4 Bf8 28.f5 Qb4 29.f6 Qxc3 30.Rxc3 Nxg5 31.Rxg5 Bh6
32.Rg2 Bf4+ 33.Kg1 Bd7 34.bxa4 Bxa4 35.Nd3 Be3+ 36.Kf1 Bd7 37.Rg3 Bf4 38.Rf3 Bg5
39.Ng2 Bh6 40.Bc1 Bxc1 41.Nxc1 Rb1 42.Kf2 a5 43.Ne1 a4 44.Ncd3 Ra8 45.Nc2 h4
46.Na3 Ra1 47.Ne1 Rb8 48.Nec2 Rb2 49.Ke3 Rh1 50.Kd2 Ra2 51.Ke2 Rc1 52.Kd2 Rh1
53.Ke2 Rc1  1/2-1/2

[Event "52nd TCh-DEN XtraCon 2013-14"]
[Site "Denmark DEN"]
[Date "2013.11.02"]
[Round "1.2"]
[White "Aabling Thomsen,J"]
[Black "Nilsson,S"]
[Result "1-0"]
[WhiteElo "2360"]
[BlackElo "2333"]

1.e4 c5 2.Nf3 d6 3.Bb5+ Nd7 4.O-O Nf6 5.Re1 a6 6.Bd3 g6 7.c3 Bg7 8.Bc2 O-O
9.d4 e5 10.dxe5 dxe5 11.Nbd2 b5 12.a4 Bb7 13.b3 Qc7 14.Qe2 Rab8 15.Nf1 h6
16.h3 Rfd8 17.N1h2 Nf8 18.axb5 axb5 19.Ra7 Qb6 20.Ra2 Qc7 21.Qxb5 Bxe4 22.Qc4 Bd5
23.Qh4 g5 24.Nxg5 hxg5 25.Bxg5 Rd6 26.c4 Ra8 27.Rxa8 Bxa8 28.Qg3 N6h7 29.Bc1 Qd8
30.h4 e4 31.h5 Kh8 32.Ng4 Re6 33.Rd1 Qe7 34.Bf4 Bc6 35.Ne3 Qf6 36.Nd5 Qf5
37.Qh4 Be5 38.g4 Qxf4 39.Nxf4 Bxf4 40.Qd8 Kg8 41.Qc8 Bd6 42.Kf1 Be7 43.Ra1 Ng5
44.Ra7 e3 45.fxe3 Bf6 46.Ra6 Bd7 47.Qb7 Rxa6 48.Qxa6 Be5 49.Bf5  1-0

[Event "52nd TCh-DEN XtraCon 2013-14"]
[Site "Denmark DEN"]
[Date "2013.11.02"]
[Round "1.1"]
[White "Schandorff,L"]
[Black "Teplyi,I"]
[Result "1-0"]
[WhiteElo "2522"]
[BlackElo "2386"]

1.e4 c5 2.Nf3 d6 3.Bb5+ Nd7 4.O-O a6 5.Bd3 Ngf6 6.c3 b5 7.Bc2 Bb7 8.Re1 e5
9.d4 Be7 10.Nbd2 O-O 11.Nf1 Re8 12.d5 c4 13.b3 Qc7 14.Bb2 Rec8 15.Ne3 Bf8
16.bxc4 bxc4 17.Nd2 Nb6 18.Ba3 a5 19.Qf3 Nfd7 20.h4 Ba6 21.h5 Nc5 22.Nf5 Rab8
23.Qg3 Kh8 24.f4 g6 25.Ne3 Bh6 26.fxe5 dxe5 27.Qf2 Bg7 28.Rf1 Rb7 29.Ng4 Qe7
30.Rab1 Kg8 31.Qe3 Nbd7 32.Rxb7 Bxb7 33.Nh6+ Bxh6 34.Qxh6 Qh4 35.Rxf7 Qe1+
36.Rf1 Qh4 37.Rf7 Qe1+ 38.Rf1 Qh4 39.Nf3 Qxh5 40.Qxh5 gxh5 41.Ng5 Kg7 42.Rf5 Re8
43.Nf3 Nxe4 44.Bxe4 Nf6 45.Rg5+ Kh8 46.Nxe5  1-0

[Event "2nd Danube Rapid Cup 2013"]
[Site "Kozloduy BUL"]
[Date "2013.11.02"]
[Round "9.3"]
[White "Iordachescu,V"]
[Black "Topalov,V"]
[Result "1/2-1/2"]
[WhiteElo "2614"]
[BlackElo "2774"]

1.e4 c5 2.Nf3 d6 3.Bb5+ Nc6 4.O-O Bd7 5.Re1 Nf6 6.c3 a6 7.Bf1 Bg4 8.h3 Bxf3
9.Qxf3 e6 10.Na3 Be7 11.Qd1 O-O 12.Nc2 Rc8 13.d3 d5 14.e5 Nd7 15.Bf4 Bg5
16.Bg3 Bh4 17.Bxh4 Qxh4 18.g3 Qd8 19.d4 Qb6 20.Rb1 Rc7 21.Re2 Rfc8 22.h4 cxd4
23.cxd4 Nb4 24.Nxb4 Qxb4 25.a3 Qe7 26.Rd2 Nb8 27.Kg2 h6 28.Bd3 Nc6 29.Qg4 Qd8
30.Qf4 f5 31.Rh1 Ne7 32.Re2 Qd7 33.f3 Qa4 34.g4 Rf8 35.h5 Nc6 36.gxf5 Qxd4
37.Qe3 exf5 38.f4 Qxe3 39.Rxe3 Nd4 40.Rd1 Ne6 41.Rf3 g6 42.hxg6 Rg7 43.Bb1 Rxg6+
44.Kf2 Rg4 45.Ba2 Nxf4 46.Ke3 Ng6 47.Rxd5 Kh8 48.Kf2 Re4 49.e6 Ne5 50.e7 Ng4+
51.Kg3 Rxe7 52.Rdxf5 Rxf5 53.Rxf5 Ne3 54.Rf6 Kg7 55.Rb6 a5 56.a4 h5 57.Kh4 Re4+
58.Kxh5 Rxa4  1/2-1/2

[Event "3rd Panama Open"]
[Site "Panama City PAN"]
[Date "2013.11.02"]
[Round "4.13"]
[White "Mathews,C"]
[Black "Ortiz Suarez,I"]
[Result "0-1"]
[WhiteElo "2031"]
[BlackElo "2601"]

1.e4 c5 2.Nf3 d6 3.Bb5+ Nd7 4.d4 cxd4 5.Qxd4 a6 6.Bxd7+ Bxd7 7.O-O e5 8.Qd3 h6
9.c4 b5 10.Na3 Qb8 11.Rd1 Nf6 12.b3 Qb7 13.Nd2 Be7 14.f3 O-O 15.Nf1 b4 16.Nc2 Be6
17.Nce3 a5 18.Ng3 Rfd8 19.Nd5 Nxd5 20.exd5 Bc8 21.f4 a4 22.Be3 exf4 23.Bxf4 Bf8
24.Rf1 Re8 25.Nh5 Bg4 26.Ng3 Qa7+ 27.Kh1 axb3 28.Qxb3 Be2 29.Nxe2 Rxe2 30.Qxb4 Qd4
31.Qb7 Qe4 32.Rg1 Raxa2 33.Rxa2 Rxa2 34.Qb3 Rc2 35.Qg3 Rxc4 36.Bxd6 Bxd6
37.Qxd6 Rd4 38.Qb8+ Kh7 39.Qb1 f5 40.Qxe4 fxe4 41.Re1 Kg6 42.Kg1 Kf5 43.Rf1+ Ke5
44.Rf7 g5 45.Rh7 Kf4 46.Rxh6 Ke3 47.h4 gxh4 48.Rxh4 Rxd5 49.Rh3+ Ke2 50.Ra3 e3
51.Kh2 Kf2 52.Kh3 Rd8 53.Kg4 e2 54.Ra2 Rg8+  0-1

[Event "Chinese Zonal w 2013"]
[Site "Zhongshan CHN"]
[Date "2013.11.02"]
[Round "5.3"]
[White "Ni,Shiqun"]
[Black "Zhai Mo"]
[Result "1/2-1/2"]
[WhiteElo "2207"]
[BlackElo "2301"]

1.e4 c5 2.Nf3 d6 3.Bb5+ Nc6 4.O-O Bd7 5.Re1 Nf6 6.c3 a6 7.Bf1 Bg4 8.h3 Bxf3
9.Qxf3 g6 10.d3 Bg7 11.Be3 Nd7 12.a4 b5 13.Qd1 O-O 14.d4 b4 15.f4 bxc3 16.bxc3 cxd4
17.cxd4 Qa5 18.Na3 Qc3 19.Rc1 Qxa3 20.Rxc6 Rfb8 21.e5 Nb6 22.Qa1 Qxa1 23.Rxa1 Nd5
24.Bf2 a5 25.Bb5 Nxf4 26.exd6 exd6 27.Rxd6 Rd8 28.Rxd8+ Rxd8 29.Rd1 Nd5 30.Rc1 Nf4
31.Rd1 Nd5 32.Rc1 Nf4 33.Kf1 Bxd4 34.Bxd4 Rxd4 35.Rc8+ Kg7 36.Ra8 Rd2 37.Rxa5 Nxg2
38.Ra7 Ne3+ 39.Ke1 Rh2 40.a5 Rxh3 41.Be8 Nc2+ 42.Kd2 Nd4 43.Rxf7+ Kg8 44.a6 Ra3
45.Rf6 Nb3+ 46.Ke2 Nc5 47.Bb5 Kg7 48.Rc6 Nxa6 49.Bxa6 Ra5 50.Kf3 Rf5+ 51.Kg3 Rf7  1/2-1/2

[Event "3rd Panama Open"]
[Site "Panama City PAN"]
[Date "2013.11.03"]
[Round "6.12"]
[White "Marrero Lopez,Yan"]
[Black "Escobar Forero,A"]
[Result "0-1"]
[WhiteElo "2274"]
[BlackElo "2455"]

1.e4 c5 2.Nf3 d6 3.Bb5+ Nd7 4.d4 cxd4 5.Qxd4 Nf6 6.O-O e5 7.Qd3 h6 8.c4 Be7
9.Nc3 O-O 10.Bxd7 Bxd7 11.b3 Bc6 12.Ne1 a6 13.a4 b5 14.axb5 axb5 15.Rxa8 Qxa8
16.Nd5 Nxd5 17.cxd5 Bd7 18.Nc2 Rc8 19.Nb4 Bd8 20.Be3 Qa5 21.Bd2 Bg5 22.Be1 Rc1
23.Nc2 Qa2 24.Ne3 Rb1 25.b4 Rb3 26.Qc2 Qxc2 27.Nxc2 f5 28.f3 Rb2 29.Rf2 fxe4
30.fxe4 Be8 31.Kf1 Bc1 32.Bc3 Rb3 33.Bd2 Bxd2 34.Rxd2 Bg6 35.Re2 Rc3 36.Kf2 Bxe4
37.Ne3 Rd3 38.Nc4 bxc4 39.Rxe4 c3 40.Rc4 Kf7 41.Ke2 Rxd5 42.Rxc3 Rb5 43.Rc7+ Kf6
44.Rd7 d5 45.Kd3 Rxb4 46.Rxd5 Rb2 47.Rd6+ Kf5 48.g4+ Kxg4 49.Rg6+ Kf3 50.Rxg7 e4+
51.Kd4 Rd2+ 52.Kc5 Rxh2 53.Rf7+ Ke3 54.Kd5 Kd3 55.Ke5 e3 56.Ra7 e2 57.Ra3+ Kd2
58.Ra2+ Ke3 59.Ra3+ Kf2 60.Ra2 Rh4  0-1

[Event "TCh-CZE Extraliga 2013-14"]
[Site "Prague CZE"]
[Date "2013.11.03"]
[Round "2.1"]
[White "Simacek,P"]
[Black "Manik,M"]
[Result "1-0"]
[WhiteElo "2485"]
[BlackElo "2404"]

1.e4 c5 2.Nf3 d6 3.Bb5+ Nd7 4.c3 Nf6 5.Qe2 a6 6.Ba4 b5 7.Bc2 e5 8.O-O Be7
9.a4 b4 10.d4 cxd4 11.cxd4 O-O 12.Nbd2 Qc7 13.Nc4 exd4 14.Nxd4 Re8 15.Bf4 Ne5
16.Ne3 Ng6 17.Bg3 Bf8 18.Rfd1 Qa7 19.Rac1 Bb7 20.Ndf5 Nxe4 21.Bxe4 Bxe4 22.Nxd6 Bxd6
23.Bxd6 Qb6 24.Rc7 a5 25.Qc4 Re6 26.Rc8+ Re8 27.Rc7 Re6 28.Bg3 Rf8 29.Rdd7 Qa6
30.Qxa6 Rxa6 31.f3 Ba8 32.Bd6 Bc6 33.Bxf8 Bxd7 34.Rxd7 Nxf8 35.Rd5 g6 36.b3 Ne6
37.Nc4 Rc6 38.Rxa5 Nd4 39.Ra8+ Kg7 40.Rb8 Nxb3 41.Rxb4 Nc1 42.a5 Nd3 43.Ra4 Nc5
44.Ra3 Kf6 45.Nd2 Re6 46.Ne4+ Nxe4 47.a6 Nc3 48.a7 Nd1  1-0

[Event "TCh-FIN SM 2013-14"]
[Site "Sastamala FIN"]
[Date "2013.11.03"]
[Round "6.7"]
[White "Alho,S"]
[Black "Ponnio,Toni"]
[Result "1/2-1/2"]
[WhiteElo "2131"]
[BlackElo "2008"]

1.e4 c5 2.Nf3 d6 3.Bb5+ Nd7 4.d4 cxd4 5.Qxd4 a6 6.Bxd7+ Bxd7 7.Nc3 e5 8.Qd3 h6
9.a4 Nf6 10.O-O Rc8 11.a5 Be7 12.Be3 Qc7 13.Bb6 Qc6 14.Rad1 Be6 15.Nd2 O-O
16.Qg3 d5 17.exd5 Nxd5 18.Nxd5 Bxd5 19.c3 e4 20.Bd4 Bf6 21.Bxf6 Qxf6 22.Rfe1 Rfe8
23.Nf1 Bc6 24.Rd6 Qe5 25.Qxe5 Rxe5 26.f3 Rxa5 27.fxe4 Re8 28.Ng3 Rae5 29.Kf2 Bxe4
30.Nxe4 Rxe4 31.Rxe4 Rxe4 32.Rd8+ Kh7 33.Rd7 b5 34.Rxf7 b4  1/2-1/2

[Event "3rd Panama Open"]
[Site "Panama City PAN"]
[Date "2013.11.04"]
[Round "7.4"]
[White "Gomez Garrido,C"]
[Black "Bacallao Alonso,Y"]
[Result "1/2-1/2"]
[WhiteElo "2504"]
[BlackElo "2519"]

1.e4 c5 2.Nf3 d6 3.Bb5+ Bd7 4.Qe2 Bxb5 5.Qxb5+ Qd7 6.Qxd7+ Nxd7 7.d3 Ngf6
8.Nc3 a6 9.Bg5 e6 10.O-O Be7 11.Rfe1 O-O 12.Rad1 Rac8 13.h3 Rfe8 14.Bh4 b5
15.Bg3  1/2-1/2

[Event "3rd Panama Open"]
[Site "Panama City PAN"]
[Date "2013.11.04"]
[Round "8.2"]
[White "Gonzalez Vidal,Y"]
[Black "Bruzon Batista,L"]
[Result "1/2-1/2"]
[WhiteElo "2523"]
[BlackElo "2685"]

1.e4 c5 2.Nf3 d6 3.Bb5+ Bd7 4.Bxd7+ Nxd7 5.O-O Ngf6 6.Qe2 e6 7.Rd1 Be7 8.d4 cxd4
9.Nxd4 a6 10.c4 Rc8 11.b3 O-O 12.Bb2 Re8 13.Nc3 Qa5 14.Rac1 Bf8  1/2-1/2

[Event "20th Mukachevo Rating 2013"]
[Site "Mukachevo UKR"]
[Date "2013.11.06"]
[Round "3.3"]
[White "Sevostianov,P"]
[Black "Polyakov,M"]
[Result "1/2-1/2"]
[WhiteElo "2291"]
[BlackElo "2403"]

1.e4 c5 2.Nf3 d6 3.Bb5+ Nd7 4.O-O Nf6 5.Re1 a6 6.Bd3 Ne5 7.Nxe5 dxe5 8.a4 Bg4
9.Be2 Bxe2 10.Qxe2 e6 11.a5 Be7 12.d3 O-O 13.Nd2 Ne8 14.Nc4 f6 15.f4  1/2-1/2

[Event "Chennai WGM 2013"]
[Site "Chennai IND"]
[Date "2013.11.07"]
[Round "2.3"]
[White "Vaishali,R"]
[Black "Gomes,Mary"]
[Result "0-1"]
[WhiteElo "2019"]
[BlackElo "2414"]

1.e4 c5 2.Nf3 d6 3.Bb5+ Nd7 4.O-O a6 5.Bxd7+ Bxd7 6.d4 cxd4 7.Nxd4 e5 8.Nb3 h6
9.Nc3 Nf6 10.a4 Be7 11.f3 O-O 12.Be3 Rc8 13.a5 Qc7 14.Rf2 Be6 15.Rd2 Qc6
16.Nd5 Bxd5 17.exd5 Qc4 18.Qf1 Nh5 19.Qxc4 Rxc4 20.Re1 f5 21.Bb6 Bg5 22.Be3 Nf6
23.c3 Rb8 24.Ba7 Ra8 25.Be3 Bxe3+ 26.Rxe3 Rb8 27.Re1 Ra4 28.Ra1 b5 29.Kf2 Rc4
30.Rdd1 Kf7 31.Rac1 Ke7 32.Ra1 Rc7 33.Rac1 Rbc8 34.Ke2 Rc4 35.g3 g5 36.Kf2 Kd7
37.Ke2 b4 38.cxb4 Rxb4 39.Rxc8 Kxc8 40.Rd3 Rb5 41.Nd2 Nxd5 42.Nc4 Kc7 43.Rd2 Kc6
44.Rc2 Rc5 45.b3 Nb4 46.Rd2 Rd5 47.g4 f4 48.h3 Rxd2+ 49.Kxd2 Kc5 50.Kc3 Nc6
51.Nb6 Nd4 52.b4+ Kc6 53.Nc8 Nxf3 54.Ne7+ Kb5 55.Nd5 Nd4 56.Kd3 Nc6 57.Nc7+ Kxb4
58.Nxa6+ Kxa5 59.Nc7 d5 60.Ke2 Ne7 61.Ne8 e4 62.Nd6 Kb6 63.Nf7 Ng8 64.Ne5 d4
65.Kd2 f3 66.Ke1 Kc5 67.Kd2 Kd5 68.Nd7 e3+ 69.Kd3 f2 70.Nb6+ Kc6 71.Ke2 Kxb6
72.Kf1 d3  0-1

[Event "Chinese Zonal w 2013"]
[Site "Zhongshan CHN"]
[Date "2013.11.07"]
[Round "10.2"]
[White "Ni,Shiqun"]
[Black "Lei Tingjie"]
[Result "1/2-1/2"]
[WhiteElo "2207"]
[BlackElo "2320"]

1.e4 c5 2.Nf3 d6 3.Bb5+ Bd7 4.Bxd7+ Qxd7 5.c4 Nf6 6.Nc3 Nc6 7.d4 Qg4 8.d5 Nd4
9.Nxd4 Qxd1+ 10.Nxd1 cxd4 11.f3 Nd7 12.Nf2 e5 13.Bd2 Be7 14.Ke2 f6 15.b4 Kf7
16.a4 Rhc8 17.Rhc1 a5 18.bxa5 Bd8 19.Rab1 Bxa5 20.Rxb7 Bxd2 21.Kxd2 Ke8 22.Ra1 Nc5
23.Rb6 Nxa4 24.Rxd6 Nb6 25.Rxa8 Nxc4+ 26.Kd3 Nb2+ 27.Kd2 Nc4+ 28.Kd3 Nb2+
29.Ke2 Rxa8 30.Rc6 Kd7 31.Nd3 Nxd3 32.Kxd3 Ra3+  1/2-1/2

[Event "Arab Clubs 2013"]
[Site "Monastir TUN"]
[Date "2013.11.08"]
[Round "7.4"]
[White "Gueroui,N"]
[Black "Jarraya,Z"]
[Result "0-1"]
[WhiteElo "2084"]
[BlackElo "2152"]

1.e4 c5 2.Nf3 d6 3.Bb5+ Bd7 4.Bxd7+ Qxd7 5.c4 Nc6 6.O-O g6 7.d4 cxd4 8.Nxd4 Bg7
9.Be3 Nf6 10.Nc3 Ng4 11.Nc2 Nxe3 12.Nxe3 O-O 13.Qd2 Rac8 14.Rad1 Qe6 15.Rfe1 a6
16.Ned5 Qe5 17.Kh1 e6 18.f4 Qh5 19.Ne3 Rfd8 20.Ne2 Qa5 21.Qxa5 Nxa5 22.b3 Nc6
23.Rd2 Kf8 24.Red1 Ke7 25.g4 h6 26.Nc2 g5 27.f5 Be5 28.Kg2 b5 29.cxb5 axb5
30.Ncd4 b4 31.Nf3 Bf6 32.Ned4 Nxd4 33.Nxd4 Bxd4 34.Rxd4 Rc2+ 35.Kg3 Rxa2
36.Rxb4 Rc8 37.Rbd4 Rcc2 38.Rxd6 Kf6 39.fxe6 fxe6 40.R6d3 Ke5 41.h3 Rg2+
42.Kf3 Rgf2+ 43.Kg3 Kxe4 44.Rd4+ Ke5 45.R4d3 Rg2+ 46.Kf3 Raf2+ 47.Ke3 Rf4
48.R1d2 Re4+ 49.Kf3 Rg1 50.Rg2 Rxg2 51.Kxg2 Re2+ 52.Kf1 Rb2 53.Ke1 Ke4 54.Rg3 e5
55.Kd1 Kd4 56.Kc1 Rf2 57.b4 e4 58.Rg1 e3 59.b5 Kc3 60.Rd1 e2 61.Re1 Rf1  0-1

[Event "10th European Teams w"]
[Site "Warsaw POL"]
[Date "2013.11.08"]
[Round "1.5"]
[White "Melamed,T"]
[Black "Tsolakidou,Stavroula"]
[Result "0-1"]
[WhiteElo "2367"]
[BlackElo "2117"]

1.e4 c5 2.Nf3 d6 3.Bb5+ Nd7 4.d4 Nf6 5.O-O cxd4 6.Qxd4 e5 7.Qd3 h6 8.c4 a6
9.Bxd7+ Bxd7 10.Nc3 Rc8 11.a4 Qc7 12.b3 Be7 13.Ba3 Be6 14.Rfd1 Rd8 15.Rac1 O-O
16.Nd5 Bxd5 17.cxd5 Qd7 18.Nd2 Nh5 19.Nc4 Nf4 20.Qf3 f5 21.Nb6 Qe8 22.Rc7 fxe4
23.Qxe4 Qh5 24.f3 Bh4 25.Bc1 Qg5 26.Rc2 Rf7 27.Kh1 Qh5 28.Kg1 Rdf8 29.Nc4 Rf6
30.Bxf4 Rxf4 31.Qe2 e4 32.Nd2 e3 33.Ne4 Qg6 34.Rf1 Bf2+ 35.Kh1 Bh4 36.Rc4 b5
37.axb5 axb5 38.Rb4 Bg5 39.g3 R4f5 40.Nxg5 Qxg5 41.Rxb5 Rc8 42.Qd3 Re8 43.Qe2 Qf6
44.Kg2 Qc3 45.Rd1 Rf7 46.Rd3 Qxd3  0-1

[Event "Chinese Zonal w 2013"]
[Site "Zhongshan CHN"]
[Date "2013.11.08"]
[Round "11.5"]
[White "Zhang Xiaowen"]
[Black "Zhai Mo"]
[Result "1-0"]
[WhiteElo "2377"]
[BlackElo "2301"]

1.e4 c5 2.Nf3 d6 3.Bb5+ Nc6 4.O-O Bd7 5.Re1 Nf6 6.c3 a6 7.Bf1 Bg4 8.h3 Bxf3
9.Qxf3 g6 10.d3 Bg7 11.Be3 Nd7 12.Qd1 e5 13.Nd2 b5 14.a3 O-O 15.b4 a5 16.Qb3 Rb8
17.Be2 Kh8 18.Nf3 Qe7 19.Bd1 a4 20.Qa2 Nd8 21.Rb1 Ne6 22.c4 f5 23.cxb5 Ra8
24.exf5 gxf5 25.Bc2 f4 26.Bd2 Bf6 27.bxc5 Rg8 28.Kh1 Ndxc5 29.Qd5 Qg7 30.Rg1 Qd7
31.b6 Nb7 32.d4 Nxd4 33.Nxd4 exd4 34.Bf5 Qg7 35.Rbc1 Bd8 36.Rc7 Bxc7 37.Qxb7 Qf7
38.Be4 f3 39.Bxf3 Rac8 40.Bd5  1-0

[Event "10th European Teams w"]
[Site "Warsaw POL"]
[Date "2013.11.10"]
[Round "3.10"]
[White "Van Weersel,A"]
[Black "Tsolakidou,Stavroula"]
[Result "0-1"]
[WhiteElo "2180"]
[BlackElo "2117"]

1.e4 c5 2.Nf3 d6 3.Bb5+ Nd7 4.O-O Nf6 5.Re1 a6 6.Bf1 b6 7.c3 Bb7 8.d3 e6
9.Nbd2 Be7 10.d4 cxd4 11.cxd4 b5 12.b3 O-O 13.Bb2 Qb6 14.Bd3 Rfd8 15.Nf1 Nf8
16.Ng3 Ng6 17.Qd2 Nd7 18.Rac1 a5 19.a3 e5 20.Bb1 b4 21.axb4 axb4 22.Nf5 Bf8
23.h4 d5 24.exd5 Bxd5 25.Qe3 e4 26.Ng5 Nf6 27.h5 Nxh5 28.Nxe4 Nhf4 29.f3 Qe6
30.Nc5 Qf6 31.g3 Nh3+ 32.Kh2 Ng5 33.Ne4 Bxe4 34.fxe4 Ne7 35.Nh4 h6 36.Rf1 Qe6
37.Rf2 Nd5 38.Qd3 Nf6 39.d5 Ng4+ 40.Kg1 Nh3+ 41.Kg2 Nhxf2 42.Qd4 Qa6 43.Re1 Rac8
44.Nf5 f6 45.Qd2 Bc5 46.Nd4 Ba7 47.Re2 Qb6 48.Re1 Rc3 49.Nf5 g6 50.Nxh6+ Kg7
51.Nxg4 Nxg4 52.Bxc3 bxc3 53.Qf4 Qf2+ 54.Qxf2 Bxf2 55.Rc1 Bd4 56.Bd3 Rb8  0-1

[Event "FSIM November 2013"]
[Site "Budapest HUN"]
[Date "2013.11.11"]
[Round "9.1"]
[White "Lyell,M"]
[Black "Szeberenyi,A"]
[Result "0-1"]
[WhiteElo "2274"]
[BlackElo "2314"]

1.e4 c5 2.Nf3 d6 3.Bb5+ Bd7 4.Bxd7+ Qxd7 5.O-O Nc6 6.Qe2 Nf6 7.Rd1 g5 8.c3 g4
9.Nh4 Qe6 10.d3 c4 11.d4 Qxe4 12.Qxc4 e6 13.Bg5 Qd5 14.Qxd5 Nxd5 15.c4 h6
16.Bd2 Nb6 17.d5 Ne5 18.dxe6 fxe6 19.c5 dxc5 20.Bc3 Bg7 21.Re1 O-O-O 22.Na3  0-1

[Event "FSIM November 2013"]
[Site "Budapest HUN"]
[Date "2013.11.12"]
[Round "10.4"]
[White "To,N"]
[Black "Kozlitin,O"]
[Result "1-0"]
[WhiteElo "2334"]
[BlackElo "2314"]

1.e4 c5 2.Nf3 d6 3.Bb5+ Nd7 4.d4 Nf6 5.O-O a6 6.Bxd7+ Nxd7 7.Nc3 e6 8.Bg5 Be7
9.Bxe7 Qxe7 10.dxc5 Nxc5 11.b4 Nd7 12.Qd4 O-O 13.Rfd1 Ne5 14.Qxd6 Nxf3+ 15.gxf3 Qxd6
16.Rxd6 e5 17.Nd5 b5 18.a4 Bh3 19.f4 f5 20.Ra3 Bg4 21.f3 Bh5 22.axb5 axb5
23.Rxa8 Rxa8 24.fxe5 fxe4 25.fxe4 Kf8 26.Kf2 Rc8 27.c3 g5 28.e6 Bg6 29.e7+ Ke8
30.Re6 Kf7 31.Nc7 Re8 32.Rxg6  1-0

[Event "Chinese Teams 2013"]
[Site "Shijiazhuang CHN"]
[Date "2013.11.12"]
[Round "16.4"]
[White "Wang,Yiye"]
[Black "Lin Weiguo"]
[Result "1/2-1/2"]
[WhiteElo "2392"]
[BlackElo "2454"]

1.e4 c5 2.Nf3 d6 3.Bb5+ Bd7 4.Bxd7+ Nxd7 5.O-O Ngf6 6.Re1 e6 7.b3 Be7 8.Bb2 O-O
9.d4 cxd4 10.Nxd4 a6 11.c4 Qc7 12.Nc3 Rfe8 13.Qd3 Ne5 14.Qe2 Nc6 15.Rad1 Nxd4
16.Rxd4 Qc6 17.Red1 b5 18.cxb5 axb5 19.Qxb5 Qxb5 20.Nxb5 Rxa2 21.Ba3 d5 22.Bxe7 Rxe7
23.exd5 Nxd5 24.Nc3 Rb2 25.Nxd5 exd5 26.Rxd5 g6 27.R5d3 Rb7 28.g3 R7xb3 29.Rxb3 Rxb3
30.h4 h5  1/2-1/2

[Event "IX Chervonograd Cup A 2013"]
[Site "Chervonograd UKR"]
[Date "2013.11.13"]
[Round "5.5"]
[White "Berlin,D"]
[Black "Punin,Andrii"]
[Result "0-1"]
[WhiteElo "2113"]
[BlackElo "2231"]

1.e4 c5 2.Nf3 d6 3.Bb5+ Nc6 4.O-O Bd7 5.Re1 a6 6.Bf1 Bg4 7.c3 g6 8.a4 Bg7
9.Na3 Nf6 10.Nc4 O-O 11.Ne3 Bxf3 12.gxf3 Nd7 13.d3 e6 14.Ng2 b5 15.axb5 axb5
16.Rxa8 Qxa8 17.Be3 Na5 18.d4 c4 19.Qc2 Nb3 20.f4 d5 21.f5 e5 22.exd5 Qxd5
23.dxe5 Nxe5 24.Rd1 Nf3+ 25.Kh1 Qc6 26.Bf4 Re8 27.fxg6 hxg6 28.Be2 Nfd4 29.cxd4 Nxd4
30.Rxd4 Bxd4 31.b3 Qe6 32.Be3 cxb3 33.Qb1 Be5 34.Qe4 b2 35.Bd3 Rc8 36.Nf4 Rc1+  0-1

[Event "23rd World Seniors 2013"]
[Site "Opatija CRO"]
[Date "2013.11.13"]
[Round "2.20"]
[White "Stepovoj,V"]
[Black "Singer,H"]
[Result "1/2-1/2"]
[WhiteElo "2345"]
[BlackElo "2177"]

1.e4 c5 2.Nf3 d6 3.Bb5+ Bd7 4.Bxd7+ Qxd7 5.O-O Nf6 6.Qe2 e6 7.c3 Be7 8.d4 Nc6
9.Rd1 cxd4 10.cxd4 d5 11.e5 Ne4 12.Ne1 f5 13.f3 Ng5 14.Be3 O-O 15.Nd3 Nf7
16.Nc3 Rfc8 17.Rac1 b6 18.Rc2 Na5 19.Nf4 Nd8 20.g4 fxg4 21.fxg4 Nc4  1/2-1/2